[Event "ROM-chT"]
[Site "Calimanesti"]
[Date "2014.11.10"]
[Round "3.2"]
[White "Jianu, Vlad Cristian"]
[Black "Marin, Mihail"]
[Result "0-1"]
[WhiteElo "2588"]
[BlackElo "2581"]
[Annotator "Marin,M"]
[PlyCount "90"]
[EventDate "2014.11.08"]
[EventType "team-tourn"]
[EventRounds "9"]
[EventCountry "ROU"]
[SourceTitle "CBM 164"]
[Source "ChessBase"]
[SourceDate "2015.01.15"]
[SourceVersion "1"]
[SourceVersionDate "2015.01.15"]
[SourceQuality "1"]
[WhiteTeam "Timisoara Medicina"]
[BlackTeam "Bucharest Apa Nova"]
[WhiteTeamCountry "ROU"]
[BlackTeamCountry "ROU"]

{As curious as this might sound, this was my first classical game against Vlad.
I had managed to defeat him in an official blitz and a rapid game before, but
these were more of a tricky old man's swindles. We have a very friendly
relation, but when I shook his hand I felt he was very determined - no smiles
nor little jokes before the game this time. This suited me perfectly well as
the best way I could prove the Olympic team captain wrong for not including me
in the team for Tromso was by playing a good game against one of the players
selected.} 1. d4 d5 2. c4 e6 3. Nc3 Nf6 4. Nf3 Nbd7 5. Bf4 dxc4 6. e3 Nb6 7.
Bxc4 Nxc4 8. Qa4+ c6 9. Qxc4 Nd5 {I examined this position in my article
published with CBM 155. Even though I did not expect 5.Bf4 and had not
prepared against it, I felt confident I could remember the main points.} 10.
Bg3 {The strongest move.} ({If} 10. O-O Nxf4 11. exf4 {Black's bishop pair and
his more compact structure compensate for White's better development.}) (10.
Be5 {only helps Black increase his control in the centre with} f6) 10... Qb6
11. Qe2 Bb4 12. O-O $5 {Even though this was played only once before, I
consider it the critical test to Black's setup.} (12. Qc2 Qa6 $132 {[%csl Ge1]}
) (12. Rc1 Qb5 $11) 12... Nxc3 13. bxc3 Bxc3 14. Rab1 $146 {It suddenly became
clear that I would not have to force my memory anymore since I had never
considered this move seriously. I was not sure what my young opponent had in
mind as I did not feel any serious danger for Black, but played slowly in the
next phase in order to avoid any possible bolt from the blue.} (14. Ng5 Qb5 15.
Qxb5 cxb5 16. Rab1 {1/2-1/2 Greenfeld,A (2568)-Zvjaginsev,V (2664) Plovdiv 2010
}) 14... Qd8 {I decided upon a massive retreat of my pieces. Even though this
will obviously result in a delay in development, Black's lack of weaknesses
should allow him to catch up with the piece mobilisation in the early
middlegame.} 15. Ne5 Ba5 16. Qb2 O-O 17. Rfc1 $44 {Judging from his composure,
Vlad had analysed this position thoroughly. I had little doubt that White has
compensation for the pawn, but was encouraged by the fact that he was not
heading for any concrete refutation of my setup.} Bc7 18. Nc4 {This retreat
surprised me as I did not have the remotest intention of taking on e5. I
thought that White's only constructive plan was bringing his a-pawn into the
attack.} ({I had forseen such a course of events:} 18. a4 $5 f6 (18... Bxe5 $2
19. dxe5 $36 {/\Rd1-d6, e3-e4, f2-f4-f5}) 19. Nc4 Rf7 20. a5 Rd7 {[%csl Ga5]
[%cal Gd7d5]}) 18... Bxg3 19. hxg3 b6 $1 {Now is agood moment to return the
pawn for completing the development.} (19... f6 $6 {would only lose time now:}
20. Qa3 Rf7 21. Nb6 $1) 20. Qa3 $6 {White cannot resist the temptation to
create concrete threats, but his last move has the drawback of blocking the
a-pawn. Without its help, White cannot claim full compensation.} ({I considered
} 20. a4 {to be the critical line:} Ba6 21. a5 (21. Ne5 Rc8 22. Nxc6 Qd7 $15)
21... Bxc4 (21... Bb5 $5 {is also possible}) 22. Rxc4 Qd5 {and evaluated that
the game might end in a draw with correct play from both sides.}) ({I did not
mind losing my extra pawn as after} 20. Ne5 Bb7 21. Nxc6 Qd7 22. Ne5 Qd6 $11 {
/=/+ Black could dream of pleasant Grünfeld like endings.}) 20... Bb7 21. Nd6
Qd7 {Slightly inaccurate.} (21... Qe7 $1 22. e4 Rab8 {would have won a tempo
over the game continuation, but this would not have made such a big difference
as in principle Black can play at his own leisure anyway.}) 22. e4 {White will
consolidate his knight on d6 but his stability on the dark squares will be
more fragile than he might have hoped for. I knew that if everything else
failed I still could sacrifice the exchange on d6, but this would not have
offered realistic winning chances.} Rab8 $3 $15 {The most difficult move in
the game, preparing the bishop retreat to a8.} (22... Rad8 23. Qxa7 Qxd6 24.
Qxb7 Qxd4 25. Qxc6 $11) 23. e5 (23. Qxa7 Qxd6 24. Rxb6 {/\R1b1} Ba8 $19) 23...
Ba8 {Black has completed his development and is ready to start undermining the
white centre from both sides.} 24. Rb3 f6 $1 {Sounding the attack.} 25. f4 Qe7
{Slightly careless.} 26. Nc4 Qd7 $1 {[%csl Gg2] I wanted to keep the queens on
the board in order to be able to create decisive threats against g2.} 27. Nd6 (
27. Qd6 Qf7 {/\...Rbd8}) 27... Rbd8 {[%csl Gd4][%cal Gd7e7] No draw by
repetition, of course.} 28. Qa4 Qe7 29. Ra3 Rd7 30. Qc4 Kh8 31. Rcc3 g5 $1 $36
32. Qe2 (32. Ne4 fxe5 33. fxe5 c5 ({I was disappointed when noticing that} 
33... b5 $2 34. Qc5 b4 {does not work due to} 35. Rf3 $3 {but then found the
simpler continuation from the main line.}) 34. Nd6 Qg7 $36 {[%cal Ga8d5]})
32... Qg7 33. Re3 c5 $1 $40 {The white centre is shaking from the basement up.
If we add the constant pressure against g2, we can evaluate his position as
critical.} 34. dxc5 bxc5 35. Rac3 Bd5 {My opponent was in slight time trouble
already, but I did not have too much time left. My last move is not bad,
inviting the rook to abandon the third rank, but there were more
straightforward continuations.} (35... gxf4 36. gxf4 Qh6 $17) 36. Rxc5 $138
gxf4 37. gxf4 Qh6 {This looks like a decisive blow, but White has a hidden
saving possibility.} (37... fxe5 $1 38. fxe5 Qg5 $17 {[%csl Ge3][%cal Gd5g2,
Rf8g8] /\...Bxg2, ...Rg7}) 38. Ne4 (38. Rec3 $3 Qxf4 39. Rc8 Qd4+ 40. Kh2 Qf4+
41. Kg1 $11) 38... fxe5 (38... Rb7 $17) 39. Qb2 {A tricky move in mutual time
trouble.} (39. fxe5 Rg7 (39... Rb7 $19 40. Rc1 Bxe4) 40. Rg3 Rxg3 41. Nxg3 Rg8
42. Rc3 Qf4 $17) 39... Rg7 $1 $138 40. Ng5 (40. Qxe5 Qxf4 $17) 40... Rxg5 $1 {
The time trouble was over so I went out for a cigarette with the thought that
the job was done already. While smoking, I realised that the next move would
still maintain some uncertainty.} 41. Rxd5 (41. fxg5 Rf1+ $1 42. Kxf1 Qh1+ 43.
Ke2 Qxg2+ 44. Kd3 Qxb2 $19) 41... Rxg2+ $1 ({My other candidate was} 41... Rh5
$1 42. Rdxe5 Rh1+ 43. Kf2 Qxf4+ 44. Rf3 {and I could not see how to deliver
mate, facing the permanent threat of a discovered check. I can only speculate
whether I would have discovered the winning} Qxf3+ $1 45. gxf3 Rh2+ {if I had
not found a worthy alternative in the game move.}) 42. Qxg2 exd5 43. Rxe5 $6 (
43. Qxd5 Rg8+ 44. Kf1 Qxf4+ 45. Ke2 $19) 43... Qxf4 44. Rg5 Qxg5 45. Qxg5 Rg8
0-1

[Event "Baku FIDE GP"]
[Site "Baku"]
[Date "2014.10.09"]
[Round "7"]
[White "Gelfand, Boris"]
[Black "Kasimdzhanov, Rustam"]
[Result "1/2-1/2"]
[WhiteElo "2748"]
[BlackElo "2706"]
[Annotator "Marin,M"]
[PlyCount "133"]
[EventDate "2014.10.02"]
[EventType "tourn"]
[EventRounds "11"]
[EventCountry "AZE"]
[EventCategory "21"]
[SourceTitle "CBM 163"]
[Source "ChessBase"]
[SourceDate "2014.11.11"]
[SourceVersion "1"]
[SourceVersionDate "2014.11.11"]
[SourceQuality "1"]

1. d4 d5 2. c4 e6 3. Nf3 Nf6 4. Nc3 Be7 5. Bf4 O-O 6. e3 Nbd7 7. Be2 dxc4 8.
O-O ({The idea of the last move is to avoid exposing the king's bishop to ...
Nb6 in view of White's intention to meet ...c5 with d4-d5:} 8. Bxc4 a6 9. a4 c5
10. d5 $2 Nb6) 8... a6 9. a4 c5 10. d5 Nxd5 11. Nxd5 exd5 12. Qxd5 Nf6 13. Qe5
Qe8 $146 (13... Ng4 14. Qc3 Be6 15. Bxc4 Bf6 16. Qb3 Bxc4 17. Qxc4 {Gupta,A 
(2606)-Neverov,V (2519) New Delhi 2014 (1/2-1/2, 34)}) ({Frankly speaking, I
do not understand why Black started with the queen move since his intention
was to play ...Bd7 anyway.} 13... Bd7 {looks more natural and only if} 14. Rfd1
{then} Qe8) 14. Bxc4 Bd7 15. a5 Bc6 16. b3 Ne4 17. Qb2 Nd6 18. Bd3 Bb5 19. Rfd1
Bxd3 20. Rxd3 Nb5 21. Rad1 Rd8 22. Qc2 Rxd3 23. Rxd3 Bd8 24. Qd2 Bf6 25. Bg5
Bxg5 26. Nxg5 h6 27. Nf3 Qe6 28. Qc2 Rc8 29. Nd2 Nd6 30. g3 g6 31. Nc4 Nxc4 32.
Qxc4 Qxc4 33. bxc4 Rc6 34. Rb3 Rd6 35. Rxb7 Rd1+ 36. Kg2 Ra1 37. Kf3 Rxa5 38.
Rc7 Kf8 39. Ke4 Ra2 40. f4 Rxh2 41. Ke5 Kg7 42. Rxc5 Rg2 43. Rd5 Rxg3 44. c5
Rxe3+ 45. Kd6 Re6+ 46. Kd7 Re4 47. f5 g5 48. c6 Rc4 49. c7 g4 50. Rd6 g3 51.
Rd3 Kf6 52. Rxg3 Kxf5 53. Rf3+ Kg4 54. Rxf7 h5 55. Rg7+ Kf3 56. Rh7 Kg4 57. Rh6
Rxc7+ 58. Kxc7 h4 59. Kd6 h3 60. Ke5 Kg3 61. Ke4 h2 62. Ke3 Kg2 63. Rg6+ Kf1
64. Rxa6 h1=Q 65. Ra1+ Kg2 66. Rxh1 Kxh1 67. Ke4 1/2-1/2

[Event "London Classic 8th"]
[Site "London"]
[Date "2016.12.17"]
[Round "8"]
[White "Topalov, Veselin"]
[Black "Anand, Viswanathan"]
[Result "0-1"]
[WhiteElo "2760"]
[BlackElo "2779"]
[Annotator "Marin,M"]
[PlyCount "68"]
[EventDate "2016.12.09"]
[EventType "tourn"]
[EventRounds "9"]
[EventCountry "ENG"]
[EventCategory "22"]
[SourceTitle "CBM 176"]
[Source "ChessBase"]
[SourceDate "2017.01.17"]
[SourceVersion "1"]
[SourceVersionDate "2017.01.17"]
[SourceQuality "1"]

1. d4 Nf6 2. c4 e6 3. Nf3 d5 4. Nc3 Be7 5. Bf4 O-O 6. e3 c5 {Back to the
classical main line.} ({One round earlier Topalov managed to get one of his
not so numerous half points with the modern} 6... Nbd7 7. c5 c6 {Giri,A (2771)
-Topalov,V (2760) London 2016 (1/2-1/2, 67)}) 7. dxc5 Bxc5 8. a3 {White is
also returning to the classical approach. This was the move order advocated by
Korchnoi in his 1978 match with Karpov, setting the fashion for many decades.}
({In the same tournament the rare} 8. Bd3 {was tried in Aronian,L (2785)-Anand,
V (2779) London 2016 (½-½, 30)}) ({For quite some time Black's biggest
headaches were caused by} 8. cxd5 Nxd5 9. Nxd5 exd5 10. a3 Nc6 11. Bd3 {
but here, too, there seem to be a new trend:} Bg4 ({The old line went} 11...
Bb6 12. O-O Bg4 13. h3 Bh5 14. b4 {where White had worked out almost forced
ways to a small but annoying advantage, for instance:} Re8 15. Rc1 a6 16. Bxa6
Rxa6 17. b5 Rxa3 18. bxc6 bxc6 19. Rxc6 Ra7 20. Rd6 Rd7 21. Qxd5 Rxd6 22. Qxd6
Qxd6 23. Bxd6 Bxf3 24. gxf3 {Leko,P (2741)-Kramnik,V (2770) Brissago 2004 CBM
103 [Lukacs] (1-0, 69)}) 12. Bxh7+ {This looks critical, but in a recent game
Black proved it is not dangerous.} (12. O-O Bd6 13. h3 Bh5 14. g4 Bg6 15. Bxg6
hxg6 16. Qxd5 Bxf4 17. Qxd8 Nxd8 18. exf4 Ne6 {Potkin,V (2669)-Radulski,J 
(2552) Plovdiv 2012 (½-½, 36), and Black seems to be close to a draw despite
the missing pawn.}) 12... Kxh7 13. Qc2+ Kg8 14. Qxc5 Rc8 15. Qb5 d4 16. O-O
Bxf3 17. gxf3 dxe3 18. fxe3 Nd4 $36 {Ruck,R (2565)-Saric,A (2597) Germany 2016
(0-1, 35)}) 8... Nc6 9. Qc2 Re8 $5 {This came into the limelight during the
second Carlsen-Anand match.} ({The old main line goes} 9... Qa5 {- Carlsen,M 
(2853)-Nakamura,H (2814) Saint Louis 2015 CBM 168 [Wagner,D] (½-½, 95)}) 10.
O-O-O {The sharpest continuation. White speeds up his development, putting
pressure on the d-file but also somewhat exposing his king.} (10. Rd1 {is less
ambitious} e5 11. Bg5 d4 {Forintos,G (2425)-Sisniega,M (2390) Cienfuegos 1979
MCL [Notkin] (1/2-1/2, 41)}) ({In the aforementioned match White reacted with} 
10. Bg5 Be7 {Anand,V (2792)-Carlsen,M (2863) Sochi 2014 CBM 164 [Postny,E] (1/
2-1/2, 41)}) 10... e5 11. Bg5 (11. cxd5 {does not promise much:} exf4 12. dxc6
Qe7 $2 (12... Qc7 $1 {[%csl Gc6,Gf4]} 13. exf4 Qxf4+ 14. Kb1 bxc6 $15 {[%csl
Rb1,Gc5,Gc8]}) 13. exf4 Bg4 14. Bb5 $16 {Murariu,A (2513)-Tomici,S (2259)
Eforie Nord 2014 (1-0, 44)}) 11... d4 12. Nd5 b5 $5 $146 {Quite a puzzling
novelty. The move is logical, as it is aimed at questioning the stability of
the d5-knight and opening the c-file for the attack, but concretely it seems
that it is mainly Black who must act accurately to maintain the equality. And
still, as a surprize novelty it surely looks perfect, as White's play is not
very obvious in the first phase.} ({By the way, Korchnoi's setup from the 1978
and Carlsen's 9...Re8 are not really brand new. Have a look at this game and
check the year carefully:} 12... Be6 13. e4 $2 ({Actually} 13. Bd3 $5 {[%csl
Gh7] seems to cause problems.}) 13... Rc8 14. Kb1 Be7 15. Nxe7+ Qxe7 16. Qa4 h6
17. Bxf6 Qxf6 18. h3 a6 19. Bd3 Nb8 20. Rc1 Nd7 21. Qd1 Nc5 $17 {Showalter,
J-Janowski,D New York,NY 1898 !! (0-1, 32). Actually, ...Rf8-e8 was a common
move in the Bg5 Queen's Gambit in those remote years, so 9...Re8 must not have
caused such a sensation as it did in 2014.}) (12... Be7 {looks quite solid and
even if it seems that White has some initiative Black seems to be holding his
own:} 13. Nxe7+ Qxe7 14. exd4 Bg4 15. d5 Nd4 16. Nxd4 Bxd1 17. Nf5 Bxc2 18.
Nxe7+ Rxe7 19. Kxc2 Rc7 20. Bxf6 gxf6 21. b4 $44 {Gagare,S (2486)-Arjun,K 
(2292) Noida 2016 (1-0, 38)}) 13. Bxf6 $6 {This is a typical move when the
stability of the d5-knight is ensured, but this is not the case here. White
should have kept Bxf6 in reserve, avoiding later problems of coordination.} (
13. cxb5 {is critical.} {Anand might have planned} Na5 {similary with the game
continuation.} (13... Qxd5 {does not seem to offer enough play:} 14. Bc4 $1 (
14. Bxf6 $2 Na5 15. Bh4 Bb6 $5 $19 {[%cal Gc8e6,Ga8c8,Gd5a2,Ga5b3]}) (14. bxc6
Ne4 15. Bd3 Nxf2 $1 {[%cal Ge5e4]} 16. Bc4 Qxc6 17. Qxf2 Bf5 $36) 14... Qd6 15.
bxc6 Qxc6 (15... Rb8 {[%cal Gc5a3] looks very nice but it runs into a
unexpected blow} 16. Nxd4 exd4 17. Bf4 Re5 18. exd4 Bxd4 19. b4 {White will
soon have a slight material advantage and his far advanced c-pawn will be very
annoying.}) 16. exd4 exd4 17. b4 Bf5 18. Qxf5 Bxb4 19. Rxd4 Bxa3+ 20. Kd2 {
and Black does not seem to have enough attack for the piece.}) 14. exd4 exd4
15. Nxf6+ gxf6 16. Kb1 {[%cal Gc2c5] White should first take preventive
measures before moving away with the bishop.} (16. b4 Bd6 17. Bh6 Be6 $44) (16.
Bh6 $2 Be6 $19) (16. Bd2 $6 Be6 17. Bxa5 Qxa5 18. Bc4 Bxa3 $132 {[%cal Ga8c8]})
16... Qd5 (16... fxg5 $2 17. Qxc5) 17. b4 (17. Bxf6 Be6 18. b3 (18. b4 Rac8
$132) 18... Qxb3+ 19. Qxb3 Bxb3 $13 {Black is a pawn down but his minor pieces
have invaded the enemy queenside. He might retrieve the pawn soon.}) 17... Bb6
18. Bd3 fxg5 19. bxa5 g4 20. Bc4 Qh5 21. axb6 Bf5 22. Bd3 Rac8 23. Qa4 gxf3 24.
b7 $1 (24. gxf3 Bxd3+ 25. Rxd3 Qg6 26. Rhd1 Re1 $1 $132) 24... Rb8 25. gxf3
Bxd3+ 26. Rxd3 Qg6 27. Qc4 Rxb7 {White's extra pawn is not too relevant and
his king is somewhat exposed. The game could well simplify to a drawn rook
ending.}) ({Another interesting but possibly not so challenging possibility is
} 13. Bd3 bxc4 14. Bxh7+ Kh8 15. Be4 Qd6 16. Nxf6 (16. exd4 Nxd4 17. Nxf6 gxf6
18. Bxa8 fxg5 $44) 16... gxf6 17. Qxc4 Re6 $1 {[%csl Gc6,Gf6,Gf7]} 18. b4 (18.
Rd2 Bxa3 19. bxa3 Rb8 20. Kd1 Na5 21. Qa2 Nb3 $40) 18... Bxb4 19. axb4 Rb8 $13
20. Qxc6 $2 Qxb4 $19) (13. b4 {is as risky as it looks} bxc4 14. Bxf6 gxf6 15.
bxc5 {and now the strongest may be} Be6 $1 {White is allowed to save his piece,
but the strong central pawns would create unpleasant pressure against the
enemy king.}) 13... gxf6 14. cxb5 Na5 15. exd4 exd4 {The position has calmed
down slightly and White needs to find a good path for his knight.} 16. Nb4 $6 (
16. Ne3 {may have been more solid even though over the board it may not be
clear if the following fortress on the light squares is reliable enough:} Be6
17. Nc4 Rc8 18. Kb1 Bb6 19. Nfd2 $13) 16... Bxb4 17. axb4 Be6 18. Nxd4 $6 {
In vain hoping to defend the c-file using the outpost on c6.} ({Once again
White should have looked for some sort of fortress:} 18. Kb1 Qd5 19. Qa4 Nb3
20. Bd3 $15 {Black is very active but it is questionable whether he can make
progress.}) 18... Rc8 19. Nc6 Nxc6 20. bxc6 Qb6 21. Qa4 ({Unfortunately} 21. b5
{fails to keep the queenside closed after} a6 22. Rd6 axb5 23. Bd3 Ra8 $19)
21... Rxc6+ $6 {Not a bad move but there is a much stronger one.} (21... Bg4 $1
{more or less wins an exchange as White cannot quit the first rank nor weaken
the e3-square either:} 22. f3 (22. b5 Bxd1 23. Qxd1 a6 24. Bd3 axb5 25. Qg4+
Kf8 {does not offer compensation for the exchange.}) 22... Bf5 $19 {[%cal
Gc8c6,Gb6e3]} 23. Bd3 Qe3+ 24. Kc2 Qe2+ 25. Kc3 Re3 26. Qb5 Bxd3 27. Rxd3 Rxd3+
28. Qxd3 Rxc6+) 22. Kb1 Rd8 {Black has "only" excellent attacking chances now.}
23. Rxd8+ Qxd8 24. Be2 (24. Qxc6 $2 Qd1+ 25. Qc1 Bf5+ 26. Bd3 Bxd3+ 27. Ka2
Qa4#) 24... Bf5+ 25. Ka2 Rc2 26. Rd1 Qb6 27. Bg4 Qe6+ (27... Bg6 28. Rd8+ Kg7
29. Qe8 Qxb4 30. Qg8+ Kh6 31. Qf8+ Qxf8 32. Rxf8 $15) 28. Ka3 Qe5 29. Qb3 Bg6
30. Bf3 Rxf2 31. h4 $6 {Wasting a tempo in a dangerous position.} (31. Qc3 $5)
(31. Rd5 $5 Rf1 32. Rd1 $1) 31... Bc2 (31... a5 $5) 32. Rd8+ Kg7 33. Qc3 $2 {
Topalov probably wanted to keep the third rank defended, overlooking that
controlling b5 was more important.} ({True, his position would be anything
other than milk and honey after} 33. Qc4 Qe3+ 34. Ka2 (34. Qc3 Rf1 $1 $19)
34... Bf5 $5 {[%cal Gf5e6]}) 33... Qb5 34. Qc6 Rxf3+ $1 {An elegant, though
not complicated, final trick.} (34... Rxf3+ 35. Qxf3 Qa4#) 0-1